000
00294nam a2200109Ia 4500
008
230907s9999||||xx |||||||||||||| ||und||
082
_a
352.14
_b
GOO
245
0
_a
Infrastructure Planning, Engineering, and Economics /
260
_a
McGraw-Hill Education,
_c
2015
300
_a
416 p
942
_c
BK
999
_c
598949
_d
598949